000
00303nam a2200121Ia 4500
005
20251222152032.0
008
251222s9999||||xx |||||||||||||| ||spa||
082
_a
363.61/M61L
245
0
_a
Ley de recursos hídricos: Ley N° 29338
250
_a
1ra.ed.
264
_b
Boehringer Ingelheim
942
_c
LIB
999
_c
25697
_d
25697